Регионална библиотека "Любен Каравелов" - Русе

Ловецът с ледено сърце (Запис номер 89192)

MARC детайли
000 -Лидер
Контролно поле с фиксирана дължина 01281nam a2200373 c 4500
003 - Код на организацията, давaща контролен номер
Контролно поле BLK
005 - Дата и час на последна редакция
Контролно поле 20231220005225.0
008 - Елементи от данни с фиксирана дължина
fixed length control field 180408b bul|||||r ||||||| ||bul||
010 ## - Наследен системен номер
LC control number KNG00093887000
040 ## - Източник на каталожния запис
Идентификатор на билиотеката - собственик на записа BLK
041 ## - Код за език
Код за езика на текст/звукозапис или на отделно заглавие Български
Код за езика КДБФ Български
072 #7 - Код за тематичната категория
Код организация bullib
Код за тематична категория К
Текст Краезнание
080 ## - УДК
Текстов определител УДК Българска литература
УДК код - определител по УДК 821.163.2
УДК определител -34
УДК - код + определител 821.163.2-34
100 1# - Редна дума - Автор
Автор Пеев, Румен
Авторска отговорност първи автор
R(LIN) 373375
139 ## - Редно поле
Редна дума Румин, Румен
Авторски знак Рум - Р 92
245 10 - Сведения за заглавието
Заглавие Ловецът с ледено сърце
Подзаглавни данни Приказки
Редно поле (дума) * Румен Румин; Румен Пеев; ил. Огнян Балканджиев.
257 ## - Страна на издаване
Страна на създаване/издаване България
260 ## - Област на издателските данни
Име на издателя, разпространителя и проч. Авангард принт
Година на издаване 2009
300 ## - Физическа характеристика
Страници 72 с.
Илюстрации и др. с ил.
Размери/Мащаб 20 см
380 ## - Жанр
Жанр Худож. лит.
500 ## - Общи забележки
Забележка Истинското име на авт. е Румен Пеев.
659 ## - Тематичен бюлетин
Тематичен бюлетин К
700 1# - Други автори (авторска отговорност)
Лично име Румин, Румен
Автороска отговорност (Описва отношението между автора и произведението) *
9 (RLIN) 373374
700 ## - Други автори (авторска отговорност)
Лично име Балканджиев, Огнян Георгиев
9 (RLIN) 364857
852 ## - Местоположение
Форматна сигнатура Цб 246821
852 ## - Местоположение
Форматна сигнатура К 821.163.2/Р 92 Р
856 4# - Електронен адрес и достъп
Електронен формат pdf - файл
856 4# - Електронен адрес и достъп
Електронен формат pdf - файл
999 ## - СИСТЕМНИ КОНТРОЛНИ НОМЕРА
Koha biblionumber 89192
Koha biblioitemnumber 89192
942 ## - АРТИКУЛИ
Вид на библиотечния материал Книги
Скрит в OPAC Не
Периодичен библиозапис Да
944 ## - СЪЗДАВАНЕ И РЕДАКЦИЯ на ЗАПИСА
Създаване/Редакция Създаване
Дата на регистрацията/редакция 27.01.2010
Статус, дата на статуса CRON CRON
Служител, извършил регистрацията/редакцията
944 ## - СЪЗДАВАНЕ И РЕДАКЦИЯ на ЗАПИСА
Създаване/Редакция Редакция
Дата на регистрацията/редакция 28.01.2010
Статус, дата на статуса ф /
999 ## - СИСТЕМНИ КОНТРОЛНИ НОМЕРА
Koha biblioitemnumber 89192
999 ## - СИСТЕМНИ КОНТРОЛНИ НОМЕРА
Koha biblioitemnumber 89192
Наличности
Код за отписване Код за изгубен артикул Код за повреда Коз за рестрикции Код за отдаване Артикулен № Име на библиотеката - собственик Име на библиотеката, в която се намира в момента Статус (Текущо местоположение) Дата на вписване в системата Местоположение - отдел Цена в лева Инвентарен номер Систематично азбучна сигнатура Баркод Номер на екземпляра Цена в евро Служебна бележка Служебен тип на артикула Източник на класификационната схема
Изтеглен Не е изгубен Не е повреден без рестрикции заемане за дома 144431 Регионална библиотека "Любен Каравелов" Русе Регионална библиотека "Любен Каравелов" Русе Заемна - подръчен фонд 2010-01-28 Заемна - подръчен фонд 5.00 120000741589 П 886.7-34/Р 92 120000741589 1 2.56 Дост: DA Вид: А N: 4 Дата: 28.01.2010 Дата инв: 12.02.2018 Бележки инв: П2018 Книги  
Изтеглен Не е изгубен Не е повреден без рестрикции заемане за дома 144432 Регионална библиотека "Любен Каравелов" Русе Регионална библиотека "Любен Каравелов" Русе Заемна - подръчен фонд 2010-01-28 Заемна - подръчен фонд 5.00 120000741590 П 886.7-34/Р 92 120000741590 2 2.56 Дост: DA Вид: А N: 4 Дата: 28.01.2010 Дата инв: 12.02.2018 Бележки инв: П2018 Книги  
  Не е изгубен Не е повреден без рестрикции ползва се в читалня 144433 Регионална библиотека "Любен Каравелов" Русе Регионална библиотека "Любен Каравелов" Русе Краезнание 2010-01-28 Краезнание 5.00 120000741591 К 821.163.2/Р 92 Р 120000741591 3 2.56 Дост: DA Вид: А N: 4 Дата: 28.01.2010 Дата инв: 15.11.2017 Бележки инв: К2017 Книги Universal Decimal Classification
Vip Innovations Ltd, Rousse, Bulgaria 2025